000 01072nam a22003017a 4500
003 OSt
005 20250408123232.0
007 ta
008 210325b 2019 dr 00| 0 eng d
020 _a9789945503586
040 _aDO-SdBNP
_bspa
_cBNPHU
082 7 4 _aM861.5 A698p
_222
100 1 _aAridjis, Homero,
_d1940-
_978288
245 1 4 _aLas puertas del misterio :
_b(antología poética) /
_cHomero Aridjis ; selección de Betty Ferber ; prólogo: Manuel Núñez.
260 _aSanto Domingo :
_bEditora Nacional,
_c2019.
300 _a219 p. ;
_c21 cm.
490 1 _aPuentes ;
_v4
500 _aIncluye datos biográficos del autor en la solapa de la cubierta.
590 _aInventariado, 2021 /LP
600 _aAridjis, Homero
_d1940-,
_xCrítica e interpretación
_978826
650 _aPoesía mexicana
_99120
650 _aLiteratura mexicana
_91922
700 1 _aFerber, Betty,
_e selección
_978289
700 1 _aNúñez, Manuel,
_d1957-
_eprólogo
_92366
830 0 _aPuentes ;
_n4
_978290
910 _aLP. Validado. Control de calidad. MAA
942 _2ddc
_cLBS1
999 _c49696
_d49696